Tanyán tanító nevelők problémái
Elmentve itt :
| Szerző: | |
|---|---|
| Dokumentumtípus: | Cikk |
| Megjelent: |
1969
|
| Sorozat: | Módszertani közlemények
9 No. 1 |
| Kulcsszavak: | Neveléstudomány |
| Online Access: | http://acta.bibl.u-szeged.hu/26063 |
| LEADER | 00600nab a2200181 i 4500 | ||
|---|---|---|---|
| 001 | acta26063 | ||
| 005 | 20210225082205.0 | ||
| 008 | 161017s1969 hu o 0|| hun d | ||
| 022 | |a 0544-7224 | ||
| 040 | |a SZTE Egyetemi Kiadványok Repozitórium |b hun | ||
| 041 | |a hun | ||
| 100 | 1 | |a Lakatos Pál | |
| 245 | 1 | 0 | |a Tanyán tanító nevelők problémái |h [elektronikus dokumentum] / |c Lakatos Pál |
| 260 | |c 1969 | ||
| 300 | |a 41-42 | ||
| 490 | 0 | |a Módszertani közlemények |v 9 No. 1 | |
| 695 | |a Neveléstudomány | ||
| 856 | 4 | 0 | |u http://acta.bibl.u-szeged.hu/26063/1/modszertani_009_001_041-042.pdf |z Dokumentum-elérés |